Polskie partie polityczne (pełne nazwy) - Statystyki

Ogólne statystyki
  • Ten quiz został rozwiązany 46 razy
  • Średni wynik to 13 z 19
Statystyki odpowiedzi
Obrazkowy Odpowiedź % Poprawnych
Prawo i sprawiedliwość
100%
Polska 2050
90%
Konfederacja
88%
Koalicja Obywatelska
86%
Polskie Stronnictwo Ludowe
86%
Kukiz 15
83%
Nowa Polska
83%
Unia Pracy
83%
Ruch Narodowy
81%
Wolni Republikanie
79%
Zieloni
76%
Partia Razem
74%
Nowa Lewica
71%
Polska Partia Socjalistyczna
71%
Konfederacja korony Polskiej
67%
Nowoczesna
62%
Centrum dla Polski
2%
Wolność i Dobrobyt
2%
Unia Europejska Demokratów
0%
Nie znaleziono quizów pasujących do podanych kryteriów
Rozkład punktacji
Procent ludzi z każdym wynikiem
Percentyl według liczby udzielonych odpowiedzi
Twoja historia wyników
Nie rozwiązałeś tego quizu